| 000 | 02277nam a2200409 i 4500 | ||
|---|---|---|---|
| 001 | 991061739553706706 | ||
| 003 | ES-BaIT | ||
| 005 | 20260423120534.0 | ||
| 008 | 260408s2020 ja ao 000 0 eng c | ||
| 020 | _a9784756252876 | ||
| 040 |
_aES-BaIT _bcat _erda _cES-BaIT |
||
| 041 | 1 |
_aeng _ajpn |
|
| 043 | _ae-ru--- | ||
| 080 |
_a792.82 _x(470+571) _x(091) _22004 |
||
| 080 | _a793.4.07Ballets russes | ||
| 100 | 1 |
_aUnno, Hiroshi _eautor _9169287 |
|
| 245 | 1 | 4 |
_aThe Great "ballets russes" and modern art : _ba world of fascinating art and design in the theatrical arts / _cHiroshi Unno |
| 264 | 1 |
_aTokyo : _bPIE International, _c[2020] |
|
| 300 |
_a462 pàgines : _bprincipalment il·lustracions en color ; _c26 cm |
||
| 336 |
_atext _btxt _2rdacontent |
||
| 336 |
_aimatge fixa _bsti _2rdacontent |
||
| 337 |
_asense mediació _bn _2rdamedia |
||
| 338 |
_avolum _bnc _2rdacarrier |
||
| 520 | _a"This is the origin of modern art and fashion. A collection of fascinating art and design from the Ballets Russes.In the early 20th century, Ballets Russes, a Russian itinerant ballet company based in Paris and founded by a Russian impresario Sergei Diaghilev, created a worldwide sensation. They brought innovation to the performing arts industry not just with music and choreography but also with scenography and costumes designed by Picasso, Matisse and Chanel. They pioneered an integrated approach to the performing arts in pursuit of the “ideal work of art” and made a huge impact on modern art. Accompanied by rich commentary and focusing mainly on Ballets Russes, this book introduces various beautiful designs from the performing arts from the late 19th century to the early 20th century." -- Pàgina web editorial | ||
| 546 | _aText en anglès i japonès | ||
| 600 | 1 | 7 |
_aDiaghilev, Serge, _d1872-1929 _916185 |
| 610 | 0 |
_aBallets russes _xHistòria _980997 |
|
| 610 | 0 |
_aBallets russes _xEscenografia i escenificacions _980843 |
|
| 610 | 0 |
_aBallets russes _xFigurins _yS. XX _9111699 |
|
| 650 | 0 |
_aCompanyies de dansa clàssica _zRússia _yS. XX _969164 |
|
| 650 | 0 |
_aEmpresaris teatrals _zRússia _yS. XX _971782 |
|
| 650 | 0 |
_aDansa clàssica en l'art _980878 |
|
| 650 | 4 |
_aArt i dansa _2lemac _965700 |
|
| 908 | _aCDMAE | ||
| 940 | _aCVA7 | ||
| 942 |
_2udc _c1 |
||
| 999 |
_c137393 _d137393 |
||